Výstavy a veľtrhy ako súčasť komunikačného mixu

Definovanie základných pojmov: veľtrhy a výstavy. Typické znaky výstav a veľtrhov. Význam marketingovej komunikácie. Funkcie veľtrhov a výstav (ekonomická, spoločenská, informačná, kontraktačná, propagačná, výskumná).

Na minha lista:
Detalhes bibliográficos
Autor principal: Lipianska, Júlia
Formato: Capítulo de Livro
Idioma:eslovaco
Assuntos:
Tags: Adicionar Tag
Sem tags, seja o primeiro a adicionar uma tag!

MARC

LEADER 00000naa a2200000 4500
001 r021895
005 20230825100158.1
041 0 |a slo 
044 |a SK 
245 1 0 |a Výstavy a veľtrhy ako súčasť komunikačného mixu  |c Júlia Lipianska 
520 |a Definovanie základných pojmov: veľtrhy a výstavy. Typické znaky výstav a veľtrhov. Význam marketingovej komunikácie. Funkcie veľtrhov a výstav (ekonomická, spoločenská, informačná, kontraktačná, propagačná, výskumná). 
610 2 0 |a výstavy 
610 2 0 |a veľtrhy 
610 2 0 |a pojmy 
610 2 0 |a reklama 
610 2 0 |a marketing 
610 2 0 |a komunikácia 
610 2 0 |a podnikanie medzinárodné 
610 2 0 |a konkurencieschopnosť 
100 1 |a Lipianska, Júlia